000 01200nam a2200277Ia 4500
003 OSt
005 20221005110020.0
006 a|||||r|||| 00| 0
007 ta
008 221004b |||||||| |||| 00| 0 hin d
020 _a812600195X (hbk)
_c500
024 _a93685
037 _b529, 19/03/2009, Vani Prakashan
_cTextual
040 _aCRL
_cCRL
_bhin
041 _2hin
_ahin
082 _aO157,1M99x, 152N7
100 _aनन्दी, समीर वरण, अनु.
_9165175
245 0 _aजीवनानन्द दास
_b श्रेष्ठ कविताएॅं
246 _aJīvanānanda dāsa: shreṣhṭha kavitāeॅan
260 _aनई दिल्ली
_bसाहित्य अकादेमी भारत
_c1997
300 _a158पृ0
_ccm.
490 _aसाहित्य अकादेमी द्वारा पुरस्कृत बाड्.ला कविता - संग्रह
650 _aबंगाली साहित्य
942 _hO157,1M99x, 152N7
_cTEXL
_2cc
999 _c1017534
_d1017534